Ramtanu Lahiri & tatkalin Bangasamaj (Record no. 30589)
[ view plain ]
| 000 -LEADER | |
|---|---|
| fixed length control field | 00441nam a2200181Ia 4500 |
| 005 - DATE AND TIME OF LATEST TRANSACTION | |
| control field | 20241003090726.0 |
| 008 - FIXED-LENGTH DATA ELEMENTS--GENERAL INFORMATION | |
| fixed length control field | 131103s9999 xx 000 0 und d |
| 040 ## - CATALOGING SOURCE | |
| Original cataloging agency | Loreto College |
| 041 ## - LANGUAGE CODE | |
| Language code | English |
| 082 ## - DDC | ডিউই | |
| Classification number | বর্গসংখ্যা | 891.44 |
| Book Number | গ্রন্থাঙ্ক | SHA |
| 100 ## - MAIN ENTRY--PERSONAL NAME | মুখ্য সংলেখ - ব্যাক্তিনাম | |
| Personal name | ব্যাক্তিনাম | Shastri, Shibnath |
| 245 ## - TITLE STATEMENT | অাখ্যা বিবরণী | |
| Title | অাখ্যা | Ramtanu Lahiri & tatkalin Bangasamaj |
| Statement of responsibility | লেখকের দায়িত্বের বিবরণ | Shibnath Shastri |
| 250 ## - EDITION STATEMENT | সংস্করণ ক্ষেত্র | |
| Edition statement | সংস্করণ | 360p. |
| 260 ## - IMPRINT | প্রকাশনা ক্ষেত্র | |
| Name of publisher | প্রকাশকের নাম | 22cm. |
| 504 ## - BIBLIOGRAPHY, ETC. NOTE | |
| Bibliography, etc | Includes index |
| 850 ## - HOLDING INSTITUTION | |
| Holding institution | LCBED |
| 942 ## - ADDED ENTRY ELEMENTS (KOHA) | |
| Koha item type | Books |
| Withdrawn status | Lost status | Source of classification | Damaged status | Not for loan | Home library | Current library | Date acquired | Total Checkouts | Full call number | Accession No. | Date last seen | Price effective from | Koha item type | Coded location qualifier |
|---|---|---|---|---|---|---|---|---|---|---|---|---|---|---|
| Dewey Decimal Classification | Loreto College | Loreto College | 04/11/2013 | 891.44 SHA 8180 | B33436 | 04/11/2013 | 04/11/2013 | Books |